000 03432cam a22012494i 4500
003 PE-LiUPU
005 20250813185313.0
008 150720s2014 pe a r 000 0 spa d
020 _a6124118777
020 _a9786124118777
035 _a(Sirsi) i9786124118777
040 _aPE-LiUPU
_bspa
_cPE-LiUPU
_dPE-LiUPU
_erda
049 _aPRUA
082 0 4 _a343.8
_bA45 2014
100 1 _aAlva Matteucci, Mario,
_eautor.
245 1 0 _aAplicación práctica del impuesto a la renta-ejercicio 2013-2014 /
_cMario Alva Matteucci, C.P.C.C. José Luis García Quispe.
250 _aPrimera edición.
264 1 _aLima, Perú :
_bPacífico Editores,
_c2014.
300 _a821 páginas :
_bilustraciones ;
_c25 centímetros
336 _atext
_2rdacontent
337 _aunmediated
_2rdamedia
338 _avolume
_2rdacarrier
505 0 _aEl impuesto a la renta -- Rentas de personas naturales -- Rentas de tercera categoría -- Normas internacionales de Información financiera y la incidencia de estas en la determinación del resultado tributario -- Declaracion jurada anual impuesto a la renta.
526 _aP202
526 _aP201
526 _aP163
526 _aP162
526 _aP161
526 _aP160
526 _aP148
526 _aP147
526 _aP146
526 _aP145
526 _aP144
526 _aP143
526 _aP142
526 _aP141
526 _aP140
526 _aP139
526 _aP138
526 _aP137
526 _aP136
526 _aP135
526 _aP134
526 _aP133
526 _aP129
526 _aP128
526 _aP127
526 _aP120
526 _aP119
526 _aP118
526 _aP116
526 _aP115
526 _aP114
526 _aP110
526 _aP109
526 _aP108
526 _aP104
526 _aP103
526 _aP102
526 _aP99
526 _aP98
526 _aP97
526 _aP96
526 _aP95
526 _aP93
526 _aP90
526 _aP89
526 _aP88
526 _aP83
526 _aP82
526 _aP62
526 _aP59
526 _aP58
526 _aP57
526 _aP51
526 _aP49
526 _aP48
526 _aP47
526 _aP29
526 _aP24
526 _aP20
526 _aP19
526 _aP17
526 _aP15
526 _aP14
526 _aP12
526 _aP10
526 _aP09
526 _aP08
526 _aP07
526 _aP06
526 _aP05
526 _aP04
526 _aP01
650 1 4 _aImpuesto a la renta
_xAspectos legales
_zPerú.
650 1 4 _aImpuesto a la renta
_xContabilidad
_zPerú.
650 1 4 _aImpuesto a la renta
_zPerú
_vEstudio de casos.
700 1 _aGarcía Quispe, José Luis,
_eautor.
910 _agl
_b
_clch
_d20130802
942 _2ddc
_cBOOK
949 _a343.8 A45 2014
_wDEWEY
_c1
_i70035
_d2016-11-13
_e2016-11-11
_lCCODEBUL1
_mBUL
_n43
_p39.00
_r0
_sY
_tBOOK
_u2015-7-20
_xFCE
_PP08
_0COMPRA
_o.STAFF. Colección Ciencias Empresariales
994 _aC0
_bPEPRU
596 _a1
999 _a343.8 A45 2014
_wDEWEY
_c6302
_i70035
_d6302
_e2019-9-22
_f2021-11-5
_g6
_lCCODEBUL1
_mBUL
_n62
_p39.00
_q2
_r0
_sY
_tBOOK
_u2015-7-20
_xFCE
_zP08
_0COMPRA
_o.STAFF. Colección Ciencias Empresariales
980 _81
_gALBERTO SANCHEZ Responsable de Automatización